000 00551nam a2200205Ia 4500
005 20250326141311.0
008 250326s9999 xx 000 0 und d
020 _a81-7224-146-1
037 _aTextbook
040 _aFMSL
_beng
_cFMSL
041 _aeng
_2eng
084 _aX:51.1 N4
_qFMSL
100 _aJeannet J P
_9742193
245 0 _aGlobal marketing strategies
_cJeannet J P; Hennessey H D
250 _a2
260 _aBombay
_bBombay, Jaico
_c1994
300 _a917p
942 _cTB
_hX:51.1 N4
999 _c1289670
_d1289670